Data structures : an object-oriented approach /

Guardado en:
Autor Principal: Collins, William J.
Formato: Libro
Idioma:English
Publicado: Reading, Mass. : Addison-Wesley Pub. Co., c1992.
Materias:
Etiquetas: Agregar Etiqueta
Sin Etiquetas, Sea el primero en etiquetar este registro!
LEADER 00790nam a22002295a 4500
001 DCC.dcic000139
008 920114s1992####maua#####b####001#0#eng##
005 20151123142203.0
245 1 0 |a Data structures :  |b an object-oriented approach /  |c William J. Collins. 
260 |a Reading, Mass. :  |b Addison-Wesley Pub. Co.,  |c c1992. 
300 |a xvii, 623 p. :  |b ill. ;  |c 24 cm. 
504 |a Includes bibliographical references (p. 611-613) and index. 
020 |a 0201569531 
100 1 |a Collins, William J.  |q (William Joseph) 
082 0 0 |a 005.7/3  |2 20 
650 0 |a Data structures (Computer science) 
650 0 |a Object-oriented programming. 
035 |9 (DLC) 92003046 
010 |a  92003046  
040 |a DLC  |c DLC  |d DLC 
050 0 0 |a QA76.9.D35  |b C64 1992 
859 |a DCIC  |b BIB. COMPUTACION  |p 0226